Gershwin

Uloženo v:
Podrobná bibliografie
Hlavní autor: Gauthier, André (Autor)
Médium: Kniha
Jazyk:španělština
Vydáno: Madrid Espasa-Calpe 1977
Témata:
Tagy: Přidat tag
Žádné tagy, Buďte první, kdo vytvoří štítek k tomuto záznamu!

MARC

LEADER 00000nam a2200000 a 4500
001 UCN3018
003 CL-VaPUC
008 010615e19770000SP |||||||||||||||||spa|d
082 0 4 |a 780.92  |b GAU  |2 21 
100 |a Gauthier, André  |e author  |9 459405 
245 1 0 |a Gershwin 
300 |a 125 p 
942 |c BK 
945 |d 20010615 00:00:00  |a crobeson 
260 |a Madrid  |b Espasa-Calpe  |c 1977 
600 0 |a Gershwin, George  |9 306749 
650 7 |a COMPOSITORES ESTADOUNIDENSES  |2 CL-VaPUC  |9 459406 
650 0 |a Música, siglo 20  |9 324961 
583 |a last modification  |c 20010615 00:00:00  |k Rodrigo Vera 
999 |c 296033  |d 296031 
952 |0 0  |1 0  |4 0  |6 780_920000000000000_GAU_1977  |7 0  |8 A  |9 349516  |a BIBEDU  |b BIBEDU  |d 2019-11-20  |i 1187422  |o 780.92 GAU 1977  |p 1187422  |r 2023-01-12  |w 2019-11-20  |y BK  |k MUS